Normal view
MARC view
Entry Uniform Title
001 - CONTROL NUMBER
- control field: 25997
003 - CONTROL NUMBER IDENTIFIER
- control field:
005 - DATE AND TIME OF LATEST TRANSACTION
- control field: 20251010132405.0
008 - FIXED-LENGTH DATA ELEMENTS
- fixed length control field: 251010|| aca||aabn | a|a d
040 ## - CATALOGING SOURCE
- Original cataloging agency:
- Transcribing agency:
130 ## - HEADING--UNIFORM TITLE
- Uniform title: Bible
- Form subdivision: Introductions
670 ## - SOURCE DATA FOUND
- Source citation: Work cat.: ()13379: Harris, Stephen L., 1937- 9906, Understanding the Bible /, 2007.